| 000 | 01454nam0a22002531 4500 | ||
|---|---|---|---|
| 001 | rc\2202994 | ||
| 005 | 20250623060717.0 | ||
| 035 | _a(NLR Aleph) 006616360 | ||
| 090 |
_a7402570 _c7402570 |
||
| 100 | _a20110829d1979 |||y0rusy50 ca | ||
| 101 | 0 | _arus | |
| 102 | _aRU | ||
| 105 | _ay z ||||| | ||
| 200 | 1 | _aТезисы докладов к предстоящему научно-техническому совещанию "Особенности проектирования и эксплуатация электрического хозяйства электросталеплавильных цехов с крупнотоннажными дуговыми сталеплавильными печами", (декабрь 1979 г.) | |
| 210 |
_aНовокузнецк _cБ. и. _d1979 |
||
| 215 |
_a138 с. _cграф. _d22 |
||
| 300 | _aВ надзаг.: НТО чер. металлургии, Кемеров. обл. правл. | ||
| 710 | 1 | 2 |
_a"Особенности проектирования и эксплуатации электрического хозяйства электросталеплавильных цехов с крупнотоннажными дуговыми сталеплавильными печами", науч.-техн. совещ. _f1979 _eНовокузнецк |
| 801 | 0 |
_aRU _bNLR _gpsbo |
|
| 801 | 1 |
_aRU _bELAR _2rusmarc |
|
| 852 |
_aNLR _j80-5/2352 |
||
| 899 |
_aRuMoRGB _jB 80-39/17 |
||
| 942 | _cBOOK | ||
| 980 | _aNB | ||